Real Estate Appraisal (Record no. 2154)
[ view plain ]
| 000 -LEADER | |
|---|---|
| fixed length control field | 00298nam a22001217a 4500 |
| 008 - FIXED-LENGTH DATA ELEMENTS--GENERAL INFORMATION | |
| fixed length control field | 250307b |||||||| |||| 00| 0 eng d |
| 100 ## - MAIN ENTRY--AUTHOR | |
| Author | BOYCE, N. Byrl |
| 245 ## - TITLE STATEMENT | |
| Title | Real Estate Appraisal |
| 260 ## - PUBLICATION, DISTRIBUTION, ETC. (IMPRINT) | |
| Place of publication | U.S.A |
| Name of publisher | Bollinger Publishing |
| Date of publication | 1984 |
| 300 ## - COLLATION | |
| Pagination | x, 367p. |
| 942 ## - ADDED ENTRY ELEMENTS (KOHA) | |
| Item type | Books |
| 050 ## - LIBRARY OF CONGRESS CALL NUMBER | |
| Classification number | HD1387 |
| Item number | .R53 |
| Source of classification or shelving scheme | Not for loan | Permanent location | Current location | Date acquired | Accession No. | Full call number | Barcode. | Koha item type |
|---|---|---|---|---|---|---|---|---|
| Library of Congress Classification | Samuel Ogbemudia Main Library, University of Abuja | Samuel Ogbemudia Main Library, University of Abuja | 03/07/2025 | 91/001455 | HD1387.R53 | 2025-0364 | Books | |
| Library of Congress Classification | Samuel Ogbemudia Main Library, University of Abuja | Samuel Ogbemudia Main Library, University of Abuja | 03/07/2025 | 91/001455 | HD1387.R53 | 2025-0365 | Books | |
| Library of Congress Classification | Samuel Ogbemudia Main Library, University of Abuja | Samuel Ogbemudia Main Library, University of Abuja | 03/07/2025 | 91/001455 | HD1387.R53 | 2025-0366 | Books |